000 00706cam a22002413a 4500
001 17423
003 PGUSA
005 20140828083354.0
008 051231s2005||||xxu|||||s|||||000 | eng d
040 _aPGUSA
_beng
042 _adc
050 4 _aM
245 1 0 _aTheme from Mozart's Piano Sonata in A major, K.331 :
_bArranged for Solo Guitar
_h[electronic resource]
260 _bProject Gutenberg,
_c2005
506 _aPublic domain in the USA.
516 _aElectronic text
653 _aGuitar music, Arranged
700 1 _aDavis, Rick
700 1 _aMozart, Wolfgang Amadeus,
_d1756-1791
830 0 _aProject Gutenberg
_v17423
856 4 0 _uhttp://www.gutenberg.org/ebooks/17423
942 _cEB
999 _c246678
_d246678